PHARMACEUTICAL PRACTICE (Record no. 22940)

MARC details
000 -LEADER
fixed length control field 00364nam a22001697a 4500
003 - CONTROL NUMBER IDENTIFIER
control field SGT
020 ## - INTERNATIONAL STANDARD BOOK NUMBER
International Standard Book Number 9780702051449
082 ## - DEWEY DECIMAL CLASSIFICATION NUMBER
Classification number 614.4
Item number P14R
100 ## - MAIN ENTRY--PERSONAL NAME
Personal name REES, JUDITH A . ed
245 ## - TITLE STATEMENT
Title PHARMACEUTICAL PRACTICE
250 ## - EDITION STATEMENT
Edition statement 5th
260 ## - PUBLICATION, DISTRIBUTION, ETC. (IMPRINT)
Place of publication, distribution, etc LONDON
Name of publisher, distributor, etc ELSEVIER
Year of Publication 2014
300 ## - PAGE DESCRIPTION
No. of Pages 552
650 ## - SUBJECT ADDED ENTRY--TOPICAL TERM
Topical term or geographic name as entry element PRACTICE
653 ## - KEYWORDS--INDEX TERM
Keyword term PHARMACEUTICAL
942 ## - ADDED ENTRY ELEMENTS (KOHA)
Source of classification or shelving scheme Dewey Decimal Classification
Koha item type Books
Holdings
Withdrawn status Lost status Source of classification or shelving scheme Damaged status Use restrictions Not for loan Collection code Home library Current library Shelving location Date acquired Vendor Name Cost, normal purchase price SGTU Bill Number Full call number Accession No. (Barcode) Date last seen Bill Date Koha item type
    Dewey Decimal Classification   Restricted Access   PHARMACY SGT FA-FP Library SGT FA-FP Library Reference Book 27/06/2022 AHUJA PUBLICATION 2700.00 SGTU 14474 614.4 P14R FP4284 27/06/2022 19/05/2022 Books
    Dewey Decimal Classification   Restricted Access   PHARMACY SGT FA-FP Library SGT FA-FP Library Reference Book 27/06/2022 AHUJA PUBLICATION 2700.00 SGTU 14474 614.4 P14R FP4285 27/06/2022 19/05/2022 Books
    Dewey Decimal Classification   Restricted Access   PHARMACY SGT FA-FP Library SGT FA-FP Library Reference Book 27/06/2022 AHUJA PUBLICATION 2700.00 SGTU 14474 614.4 P14R FP4286 27/06/2022 19/05/2022 Books
    Dewey Decimal Classification   Restricted Access   PHARMACY SGT FA-FP Library SGT FA-FP Library Reference Book 27/06/2022 AHUJA PUBLICATION 2700.00 SGTU 14474 614.4 P14R FP4287 27/06/2022 19/05/2022 Books